Central Library OPAC University of Rajshahi

Group theory and elementary particles / (Record no. 7266)

MARC details
000 -LEADER
fixed length control field 00863cam a22002891 4500
001 - CONTROL NUMBER
control field 7266
003 - CONTROL NUMBER IDENTIFIER
rucl marc code BD-RjUL
005 - DATE AND TIME OF LATEST TRANSACTION
control field 20211208234405.0
008 - FIXED-LENGTH DATA ELEMENTS--GENERAL INFORMATION
fixed length control field 130114s1966 enk 000 0 eng
035 ## - SYSTEM CONTROL NUMBER
System control number (BD-RjUL)7309
System control number (OCoLC)2303243
040 ## - CATALOGING SOURCE
Original cataloging agency DLC
Transcribing agency OAkU
Modifying agency Uk
-- DLC
-- BD-RjUL
Language of cataloging eng
041 ## - LANGUAGE CODE
Language code of text/sound track or separate title eng
082 00 - DEWEY DECIMAL CLASSIFICATION NUMBER
Classification number 539.721
Edition number 20
Author mark and year ROG 1966
100 1# - MAIN ENTRY--PERSONAL NAME
Personal name Rowlatt, Penelope A.
Fuller form of name (Penelope Anne)
9 (RLIN) 22701
245 10 - TITLE STATEMENT
Title Group theory and elementary particles /
Statement of responsibility, etc. Penelope A. Rowlatt.
260 ## - PUBLICATION, DISTRIBUTION, ETC. (IMPRINT)
Place of publication, distribution, etc. London :
Name of publisher, distributor, etc. Longmans,
Date of publication, distribution, etc. c1966.
300 ## - PHYSICAL DESCRIPTION
Pagination x, 97 p. :
Illustrations illus. ;
Size 22 cm.
490 0# - SERIES STATEMENT
Series statement Mathematical physics series,
Volume/sequential designation 6
504 ## - BIBLIOGRAPHY, ETC. NOTE
Bibliography, etc Bibliography: p. 96.
650 #0 - SUBJECT ADDED ENTRY--TOPICAL TERM
Topical term or geographic name as entry element Particles (Nuclear physics)
9 (RLIN) 20725
Topical term or geographic name as entry element Symmetry (Physics)
9 (RLIN) 22702
Topical term or geographic name as entry element Lie algebras.
9 (RLIN) 22703
942 ## - ADDED ENTRY ELEMENTS (KOHA)
Source of classification or shelving scheme Dewey Decimal Classification
Koha item type Books
Holdings
Lost status Source of classification or shelving scheme Damaged status Not for loan Permanent Location Current Location Shelving location Date acquired Source of acquisition Cost, normal purchase price Total Checkouts Full call number Date last seen Copy number Koha item type Collection code
  Dewey Decimal Classification   Not For Loan Central Library, University of Rajshahi Central Library, University of Rajshahi     Sweets and Zeitlinger. 25.00   539.721 ROG 1966 13/01/2014 C-1 Books  
  Dewey Decimal Classification     Central Library, University of Rajshahi Central Library, University of Rajshahi   11/12/1968 Sweets and Zeithlinger 25.00   539.721 ROG 1966 28/08/2016 C-2 Books Non-fiction
  Dewey Decimal Classification     Central Library, University of Rajshahi Central Library, University of Rajshahi   28/08/2016 Sweets and Zeithlinger 25.00   539.721 ROG 1966 28/08/2016 C-3 Books Non-fiction